00546 2200205 4500001002100000005001500021035002000036007000300056008004100059020001800100082001100118084001700129100002000146245006000166250001600226260004800242300002100290650001600311990001300327INLIS00000000000003020170906095313 a0010-0917000016ta170906 0  a979-3654-83-X a297.62 a297.62 KET m0 aKettani, M. Ali1 aMinooritas muslim di Dunia Dewasa ini /cM. Ali Kettani aEd.1, Cet.1 aJakarta :bPt. Raja Grafindo Persada,c2005 a394 hlm ;c21 cm aAgama Islam a1071 699